Normal view
MARC view
- Bhatia, Aviruch
Entry Personal Name
001 - CONTROL NUMBER
- control field: 112427
003 - CONTROL NUMBER IDENTIFIER
- control field: NUST
005 - DATE AND TIME OF LATEST TRANSACTION
- control field: 20230518102224.0
008 - FIXED-LENGTH DATA ELEMENTS
- fixed length control field: 230518|| aca||aabn | a|a d
040 ## - CATALOGING SOURCE
- Original cataloging agency: NUST
- Transcribing agency: NUST
100 ## - HEADING--PERSONAL NAME
- Personal name: Bhatia, Aviruch
670 ## - SOURCE DATA FOUND
- Source citation: Work cat.: (NUST)0: Garg, Vishal, author. 112424, Building energy simulation :
